000 00799nam a2200289Ia 4500
005 20260324112927.0
008 008 260324s9999 xx 000 0 eng d
020 _a9781003394082
037 _aEBOOK
040 _aCRL
040 _beng
040 _cCRL
041 _2eng
041 _aeng
084 _qCRL
100 _aChristian Winterbottom; Vickie E. Lake; Adrien Malek-Lasater
_91144711
245 0 _aCommunity-based Transformational Learning in Early Childhood Settings
245 0 _bIntegrating Experiences of Teachers, Students, and the Community
260 _bTaylor and Francis
260 _c2024
365 _a
365 _b230
856 _uhttp://www.taylorfrancis.com/books/9781003394082
942 _cEBOOK
999 _c1734106
_d1734106